000
00317nam a2200121Ia 4500
008
190216s9999||||xx |||||||||||||| ||und||
100
_a
Oliver Gold Smith
245
4
_a
The Vicar Of Wakefield She Stoops To Conquer Adn Poems
260
_b
Radh-Ind Pub
_c
1957
300
_a
138
650
_a
English Essay
942
_c
BK
999
_c
11995
_d
11995